000 00419nam a2200181Ia 4500
001 11060
005 20260306161918.0
008 260306t1999||||xx |||||||||||||| ||spa||
041 _aESP
082 _a928
_bP78
100 _aPuccinelli, Jorge
_eAUT
245 0 _aAntología de Raúl Porras
260 _c1999
300 _a222 páginas :
_c24 cm.
650 _aGEN
654 _aCHU
942 _cLIB
_dJUS
_fJUS
_2ddc
_n
999 _c11060
_d11060